书目信息 |
| 题名: |
建筑构造与识图
|
|
| 作者: | 张艳芳 主编 | |
| 分册: | ||
| 出版信息: | 北京 人民交通出版社 2007.09 |
|
| 页数: | 426页 | |
| 开本: | 23cm | |
| 丛书名: | ||
| 单 册: | ||
| 中图分类: | TU22 | |
| 科图分类: | ||
| 主题词: | 建筑构造--结构设计 | |
| 电子资源: | ||
| ISBN: | 7-114-06283-4 | |
| 000 | 00701 nam 000241 | |
| 001 | 0100005788 | |
| 005 | 20091110163352.62 | |
| 010 | @a7-114-06283-4@dCNY38.00 | |
| 100 | @a20071130d2007 em y0chiy0121 ea | |
| 101 | @achi | |
| 102 | @aCN@b110000 | |
| 105 | @ay z 000yy | |
| 106 | @ar | |
| 200 | 10 | @a建筑构造与识图@9jian zhu gou zao yu tu@f张艳芳等主编@Fzhang yan fang deng zhu bian |
| 210 | @a北京@c人民交通出版社@d2007.09 | |
| 215 | @a426页@d23cm | |
| 300 | @a人民交通出版社"十一五"高职高专土建类专业规划教材 | |
| 606 | @a建筑构造@x结构设计 | |
| 690 | @aTU22@v4 | |
| 701 | 0 | @a张艳芳@9zhang yan fang@4主编 |
| 801 | @aCN@c20091110 | |
| 901 | @a000006 | |
| 905 | @b649146-8@dTU22@eZ220@f3 | |
| 建筑构造与识图/张艳芳等主编.-北京:人民交通出版社,2007.09 |
| 426页;23cm |
| 人民交通出版社"十一五"高职高专土建类专业规划教材 |
| ISBN 7-114-06283-4:CNY38.00 |
| ● |
| 相关链接 |
|
|
|
正题名:建筑构造与识图
索取号:TU22/Z220
 
预约/预借
| 序号 | 登录号 | 条形码 | 馆藏地/架位号 | 状态 | 备注 |
| 1 | 649146 | 206491465 | 建筑库101/101建筑库 31排2列5层/ [索取号:TU22/Z220] | 在馆 | |
| 2 | 649147 | 206491474 | 建筑库101/101建筑库 43排7列5层/ [索取号:TU22/Z220] | 在馆 | |
| 3 | 649148 | 206491483 | 建筑库101/101建筑库 46排4列2层/ [索取号:TU22/Z220] | 在馆 |